000 01310cam a2200361 i 4500
001 15240312
003 EG-ScBUE
005 20241208145811.0
008 080331t2009 flua f b 001 0 eng d
020 _a9781584889960
020 _a1584889969
040 _aDLC
_beng
_erda
_cDLC
_dBTCTA
_dBAKER
_dYDXCP
_dUKM
_dC#P
_dCDX
_dBWX
_dDLC
_dEG-ScBUE
082 0 4 _222
_a519.53
_bCON
245 0 0 _aConstrained clustering :
_badvances in algorithms, theory, and applications /
_cedited by Sugato Basu, Ian Davidson, Kiri L. Wagstaff.
264 1 _aBoca Raton :
_bCRC Press / Taylor & Francis Group,
_c[2009]
264 4 _cc2009
300 _a441 pages :
_billustrations ;
_c25 cm.
336 _2rdacontent
_atext
_btxt
337 _aunmediated
_2rdamedia
_bn
338 _avolume
_bnc
_2rdacarrier
490 0 _aChapman & Hall/CRC data mining and knowledge discovery series
504 _aIncludes bibliographical references and index.
650 7 _aCluster analysis
_xData processing.
_2BUEsh
650 7 _aData mining.
_2BUEsh
_927695
650 7 _aComputer algorithms.
_2BUEsh
_910553
651 _2BUEsh
653 _bCOMSCI
_cJanuary2017
655 _vReading book
700 1 _aBasu, Sugato,
_eeditor.
700 1 _aDavidson, Ian,
_d1971-
_eeditor.
700 1 _aWagstaff, Kiri Lou,
_eeditor.
942 _2ddc
_cBB
999 _c23824
_d23796